000 01208cab a2200349 4500
001 ABS48787
008 090401t1993 xxu||||| |||| 00| 0 eng d
035 _a(Sirsi) u68541
041 _aeng
100 _aWeston, K.
245 _aFire damage
260 _c1993
350 _a0
490 _aContext
_v(38) June 1993, 9-17(9)
520 _aBegins with advice for the structural engineer assessing a building damaged by fire. Promotes the use of laser high sensitivity smoke detection systems for use in buildings, where contents as well as the building itself, would be harmed by sprinklers. Concludes with case studies on the restoration of fire-damaged historic buildings.
650 _aFIRE ALARMS
650 _aFIRE PROTECTION
650 _aFIRE-DAMAGED BUILDINGS
650 _aHISTORIC BUILDINGS
650 _aInspection
_96248
650 _aLISTED BUILDINGS
650 _aRESTORATION
650 _aSAFETY
650 _aSTRUCTURAL SURVEY
690 _aBUILT ENVIRONMENT-BUILDING STANDARDS-FIRE REGULATIONS
690 _aBUILT ENVIRONMENT-BUILDING INSPECTION
690 _aCONSERVATION
700 _aMoore, P.
700 _aLund, I.
942 _n0
948 _c04/03/1997
999 _c43002
_d43002